000 00561nam a2200181Ia 4500
008 090124s9999 xx 000 0 und d
082 _b116942
100 _aसाळगावकर शशिकला
245 _a का धरिला परदेस
250 _a1
260 _c1976
300 _a100
600 _aसाळगावकर शशिकला
630 _a का धरिला परदेस
700 _aसाळगावकर शशिकला
730 _a का धरिला परदेस
942 _cBOOK
999 _c163028
_d163028